000 00470nam a2200217Ia 4500
003 0100
008 130303s9999 xx 000 0 und d
020 _a0415053862
040 _cARRUPELIB
050 _aBD21.W35 1992
100 _aWarburton, Nigel
245 _aPhilosophy
245 _bthe basics
260 _aLondon
260 _bRoutledge
260 _C1992
300 _a143p.
300 _b 20cm
650 _bNewman, John Henry
942 _2lcc
_07
999 _c58951
_d58951